Cities with the most Skyscrapers by Picture - Statistics

General Stats
  • This quiz has been taken 29 times
  • The average score is 14 of 21
Answer Stats
Picture Answer % Correct
New York City
100%
Chicago
96%
Dubai
96%
Tokyo
96%
Hong Kong
93%
Shanghai
93%
Kuala Lumpur
89%
Singapore
85%
Toronto
85%
Guangzhou
78%
Seoul
78%
Bangkok
70%
Shenzhen
63%
Wuhan
59%
Chengdu
48%
Chongqing
48%
Mumbai
44%
Jakarta
37%
Hangzhou
22%
Nanning
11%
Shenyang
11%
No matching quizzes found
Score Distribution
Percent of People with Each Score
Percentile by Number Answered
Your Score History
You have not taken this quiz